Principios de la administración científica

Saved in:
Bibliografiske detaljer
Main Authors: Taylor, Frederick Winslow (Author), Fayol, Henri (Author)
Format: Bog
Sprog:spansk
Udgivet: Ciudad de México Herrero 1974
Udgivelse:18a. ed
Fag:
Tags: Tilføj Tag
Ingen Tags, Vær først til at tagge denne postø!

MARC

LEADER 00000nam a2200000 a 4500
001 UCR3513
003 CL-VaPUC
008 980124e19740000MX |||||||||||||||||spa|d
082 0 4 |a 658  |b TAY  |2 21 
100 0 |a Taylor, Frederick Winslow  |e author  |9 402399 
700 0 |a Fayol, Henri  |e author  |9 402400 
245 1 0 |a Principios de la administración científica 
246 1 0 |a Administración industrial y general 
250 |a 18a. ed 
300 |a 278 p 
942 |c BK 
945 |d 19980124 00:00:00  |a aolguin 
260 |a Ciudad de México  |b Herrero  |c 1974 
650 0 |a Administración de empresas   |9 260833 
650 0 |a Planificación estratégica   |9 259735 
583 |a last modification  |c 20170824 10:02:01  |k Rodrigo Vera 
999 |c 266575  |d 266573 
952 |0 0  |1 0  |4 0  |6 658_000000000000000_TAY_1974  |7 0  |8 R  |9 298299  |a BIBENE  |b BIBENE  |d 2019-11-20  |i 1943464  |o 658 TAY 1974  |p 1943464  |r 2025-01-15  |w 2019-11-20  |y BK_R  |k ICO